000 01198nam a2200313 i 4500
001 xx004200424
003 NUKAT
005 20260424202932.0
008 171212s1925 pl |000 0 pol c
035 _a(OCoLC)1020437450
035 _a(NUKAT)xx004200424
040 _aŁ U/BWP
_bpol
_erda
_cŁ U/BWP
_dŁ U/AS
_dŁ U/ASs
_dOLSZT 008/LL
099 _aja2017017187
100 1 _aKoschembahr-Łyskowski, Ignacy
_d(1864-1945).
_eAutor
_940481
245 1 0 _aHistorja prawa na zachodzie Europy /
_coprac. wykładów Ignacego Koschembahr-Łyskowskiego.
246 3 _aHistoria prawa na zachodzie Europy
250 _aWydanie VIII.
260 _aWarszawa :
_bTow. B. A. Bukaty,
_c1925.
300 _a192 strony ;
_c25 cm.
336 _aTekst
_btxt
_2rdacontent
337 _aBez urządzenia pośredniczącego
_bn
_2rdamedia
338 _aWolumin
_bnc
_2rdacarrier
500 _aMaszynopis powielany.
500 _aOznaczenie wydania na okładce.
510 4 _aBP 1901-1939,
_cT. 18, poz. 119872
650 7 _aPrawo
_zEuropa Zachodnia
_xhistoria
_vpodręczniki akademickie.
_2kaba
_940483
710 2 _aZakłady Graficzne Towarzystwa B. A. Bukaty (Warszawa).
_eWydawca
_4pbl
_940482
942 _2ddc
_cBK_NM
999 _c27750
_d27750